Moral circle (Registro nro. 325351)

Detalles MARC
000 -ENCABEZADO
Número de control [NR] 00710nam a22002297a 4500
005 - FECHA Y HORA DE LA ÚLTIMA TRANSACCIÓN
control field 20250317081208.0
008 - DE LONGITUD FIJA DE DATOS DE ELEMENTOS - INFORMACIÓN GENERAL
Elementos de longitud fija [NR] 250317b ||||| |||| 00| 0 eng d
020 ## - NUMERO INTERNACIONAL NORMALIZADO PARA LIBROS [R]
Número Internacional Normalizado del libro [NR] 9781324064800
040 ## - FUENTE DE CATALOGACION [NR]
Agencia de catalogación original [NR] CO-BoUCM
Quien Cataloga David Moreno
Quien Clasifica David Moreno
041 ## - CODIGO DE IDIOMA [R]
Código de idioma para texto/pista de sonido o título separado [R] Inglés
100 1# - ASIENTO PRINCIPAL--NOMBRE PERSONAL [NR]
Nombre personal [NR] Sebo, Jeff
ID Autoridad 185126
245 10 - MENCION DE TITULO [NR]
Título [NR] Moral circle
Parte restante del título [NR] who matters, what matters, and why
Mención de responsabilidad, etc. [NR] Jeff Sebo
250 ## - MENCION DE EDICION [NR]
Mención de edición [NR] 1a.Ed
260 ## - PUBLICACION, DISTRIBUCION, ETC. (PIE DE IMPRENTA) [R]
Lugar de publicación, distribución, etc. [R] New york
Nombre del editor, distribuidor, etc. [R] W.W. Norton
Fecha de publicación, distribución, etc. [R] 2025
300 ## - DESCRIPCION FISICA [R]
Extensión [R] 179 Paginas
650 14 - ASIENTO SECUNDARIO DE MATERIA - TERMINO TEMATICO [R]
Término temático o nombre geográfico como elemento de entrada [NR] Ética humanística
9 (RLIN) 185127
650 14 - ASIENTO SECUNDARIO DE MATERIA - TERMINO TEMATICO [R]
Término temático o nombre geográfico como elemento de entrada [NR] Psicología moral
9 (RLIN) 185128
650 14 - ASIENTO SECUNDARIO DE MATERIA - TERMINO TEMATICO [R]
Término temático o nombre geográfico como elemento de entrada [NR] Valores humanos
9 (RLIN) 185129
650 14 - ASIENTO SECUNDARIO DE MATERIA - TERMINO TEMATICO [R]
Término temático o nombre geográfico como elemento de entrada [NR] Dilemas éticos
9 (RLIN) 185130
942 ## - ELEMENTOS DE ENTRADA AGREGADOS (KOHA)
Sistema de clasificación DEWEY
Tema principal Filosofía
Tipo de ítem principal el descrito en 300a Libro
Edición 1
Clasificación 170
Parte restante de la signatura top. S443m
Título oculto en OPAC No
Existencias
Total préstamos Signatura topográfica Código de barras Última vez visto Ejemplar Price effective from Tipo de ítem Perdido Sistema de clasificación Dañado No prestable Tipo de ítem específico Suprimido Ubicación habitual Ubicación actual Localización Fecha de creación Forma de adquisición Costo
  170 S443m 100173763 05/12/2025 Ej.1 17/03/2025 Libro   DEWEY     Libro   Claustro Claustro 2do piso 17/03/2025 Compra 136356.00